| 000 | 00779nam a22002057a 4500 | ||
|---|---|---|---|
| 999 |
_c10903 _d10903 |
||
| 003 | AR-CdUCM | ||
| 008 | 190402b ||||| |||| 00| 0 spa d | ||
| 040 |
_aMUNICIPALIDAD PROVINCIAL DEL CUSCO _cBIBLIOTECA MUNICIPAL DEL CUSCO |
||
| 082 |
_aEP / 372.460 / _bV45 |
||
| 100 |
_aVentura Vera, Jorge _927230 |
||
| 245 |
_aLecturas infantiles : _b2do grado de primaria / |
||
| 260 |
_aLima : _bEditorial escuela nueva. |
||
| 300 |
_a191 páginas ; _bIlustraciones, _c25 cm. |
||
| 505 | _aContenido: A los maestros -- El asno y la zorra -- Formemos palabras -- Melodías de América -- Uso de la B -- La oración... | ||
| 650 |
_aComunicación integral _927637 |
||
| 650 |
_aLibro de lecturas _927519 |
||
| 650 |
_aEducación primaria _91561 |
||
| 942 |
_2ddc _cLIBROS |
||
| 945 | _adavv | ||